| 000 | 01066nam a22003017a 4500 | ||
|---|---|---|---|
| 001 | BRCA_9369 | ||
| 003 | FranzMayer | ||
| 005 | 20231011105701.0 | ||
| 008 | 231011b |||||||| |||| 00| 0 eng d | ||
| 020 | _a0714125628 | ||
| 040 |
_aMFM _bESPAÑOL _cMFM |
||
| 050 | 0 |
_aNK8814.A1 _b.S29 2002 |
|
| 100 | 1 |
_4Autor _aSayer, Chloë _930002 |
|
| 240 |
_aTextiles from Mexico _lInglés |
||
| 245 | 0 | _aTextiles from Mexico | |
| 260 |
_aHong Kong _bThe British Museum _c2002 |
||
| 300 |
_a87 p _bIlustraciones a color _c23 cm |
||
| 500 | _aIncluye dedicatoria a Héctor | ||
| 505 | _aTexto en inglésIncluye índice temáticoIncluye glosarioIncluye bibliografíaDirigido a: artistas, artesanos y personas con interés en el arte mexicano | ||
| 650 | 1 |
_2Telas _aMexico _930003 |
|
| 651 | 1 |
_2Bordado _aMéxico _930004 |
|
| 700 | 1 |
_4Foto _aRowe, Mike _930005 |
|
| 700 | 1 |
_4Ed. _aDick, Suzannah _930006 |
|
| 700 | 1 |
_4Diseño. _aWelti, Paul _930007 |
|
| 700 | 1 |
_4Edit. _aBrooke Johnson, Caroline _930008 |
|
| 700 | 1 |
_4Cart. _aPearson, Olive _930009 |
|
| 942 |
_2lcc _cB |
||
| 999 |
_c11081 _d11081 |
||